Reconnaître un joueur après une carrière #4 - Statistiques

Statistiques générales
  • Ce quiz a été pris 47 fois
  • Le résultat moyen est 2 sur 5
Statistiques - réponses
Carrière Joueur % Correct
Borussia MoenchengladbachBVB LA Galaxy Reus
85%
AvesPorto Wolves Al Hilal Neves
78%
SpursAC Milan Real Madrid Modric
53%
LeiriaRio Ave Benfica Atletico Madrid Oblak
15%
Lech Poznań Górnik Łęczna Lech Poznań Southampton Aston Villa Southampton Porto Bednarek
5%
Aucun quiz correspondant
Distribution des résultats
% des personnes avec chaque résultat
Percentile par nombre de réponses
Votre historique - résultats
Vous n’avez pas pris ce quiz